Ballon D'or nominees 2021 - Statistics

General Stats
  • This quiz has been taken 652 times
  • The average score is 20 of 30
Answer Stats
Club Answer % Correct
PSG Lionel Messi
94%
Man United Cristiano Ronaldo
92%
PSG Kylian Mbappe
90%
PSG Neymar
87%
Man City Kevin De Bruyne
84%
Real Madrid Karim Benzema
82%
Tottenham Harry Kane
81%
Liverpool Mohamed Salah
81%
Chelsea N'golo Kante
81%
Borussia Dortmund Erling Haaland
80%
Bayern Munich Robert Lewandowski
79%
Chelsea Jorginho
78%
Real Madrid Luka Modric
70%
Chelsea Romelu Lukaku
68%
Inter Milan Lautaro Martinez
66%
PSG Gianluigi Donnarumma
63%
Man City Ruben Dias
60%
Man United Bruno Fernandes
59%
Atletico Madrid Luis Suarez
59%
Chelsea Mason Mount
57%
Man City Phil Foden
55%
Man City Raheem Sterling
55%
Man City Riyad Mahrez
54%
Juventus Leonardo Bonucci
52%
Juventus Georgio Chiellini
50%
Villarreal Gerard Moreno
48%
Barcelona Pedri
48%
Inter Milan Nicolo Barella
46%
Chelsea Cesar Azpilicueta
36%
AC Milan Simon Kjaer
24%
No matching quizzes found
Score Distribution
Percent of People with Each Score
Percentile by Number Answered
Your Score History
You have not taken this quiz